000 00289nam a2200121Ia 4500
008 190216s9999||||xx |||||||||||||| ||und||
100 _aMurray And Spiegel
245 0 _aProbability And Statistics
260 _bMcgraw -hill
_c1975
300 _a372p
650 _aMathematics
942 _cBK
999 _c30731
_d30731